Wales news (Record no. 119146)
[ view plain ]
| 000 -LEADER | |
|---|---|
| fixed length control field | 00571cas a22001815 4500 |
| 001 - CONTROL NUMBER | |
| control field | L140183 |
| 008 - FIXED-LENGTH DATA ELEMENTS--GENERAL INFORMATION | |
| fixed length control field | 070911c2007 xxk r p 0 a0eng u |
| 035 ## - SYSTEM CONTROL NUMBER | |
| System control number | (Sirsi) u140183 |
| 041 0# - LANGUAGE CODE | |
| Language code of text/sound track or separate title | eng |
| 110 2# - MAIN ENTRY--CORPORATE NAME | |
| Corporate name or jurisdiction name as entry element | Royal Institution of Chartered Surveyors |
| 9 (RLIN) | 4900 |
| 245 00 - TITLE STATEMENT | |
| Title | Wales news |
| Remainder of title | The bulletin of the RICS in Wales |
| 260 3# - PUBLICATION, DISTRIBUTION, ETC. | |
| Name of publisher, distributor, etc. | RICS |
| Date of publication, distribution, etc. | 2007- |
| 362 0# - DATES OF PUBLICATION AND/OR SEQUENTIAL DESIGNATION | |
| Dates of publication and/or sequential designation | Summer 2007- |
| 554 ## - | |
| -- | Quarterly |
| 651 #4 - SUBJECT ADDED ENTRY--GEOGRAPHIC NAME | |
| Geographic name | WALES |
| 856 48 - ELECTRONIC LOCATION AND ACCESS | |
| Uniform Resource Identifier | <a href="https://www.rics.org/RICSWEB/getpage.aspx?p=_42PsV0O-kGxDiemuyLFCAA">https://www.rics.org/RICSWEB/getpage.aspx?p=_42PsV0O-kGxDiemuyLFCAA</a> |
| Public note | Follow this link to view a description of this bulletin |
| 942 ## - ADDED ENTRY ELEMENTS (KOHA) | |
| Suppress in OPAC | 0 |
No items available.